000 00695nai a2200217Ia 4500
003 IN-BaIIA
008 211028c9999 xx s 000 0 eng d
022 _a09628436 (Print)
022 _a14712970 (Online)
040 _cIIA Library
245 0 _aPhilosophical Transactions: Biological Sciences
_h[eJournal]
260 _aLondon
_bRoyal Society
310 _aBi-Weekly
362 _a329(1252)1990 - 371(1710); 2016
521 _bSubscribed through IIA Library
650 _a General Science
_95049
650 _a Science & Mathematics
_932028
650 _aBiological Sciences
856 _uhttps://www.jstor.org/journal/philtranbiolscie
_yClick Here to Access eJournal
942 _cEJ
999 _c35502
_d35502